000
00317nam a22001577a 4500
003
SGT
082
_a
611
_b
T14S
100
_a
SINGH, VISHRAM
245
_a
TEXT BOOK OF ANATOMY
250
_a
2ND
260
_a
DELHI
_b
ELSEVIER
_c
2014
300
_a
330
650
_a
ANATOMY
653
_a
ANATOMY
942
_2
ddc
_c
BK
_0
37
999
_c
8265
_d
8265